Cooperation of selected small and medium businesses bakalárska práca

Uložené v:
Podrobná bibliografia
Hlavný autor: Dhiman, Ansh
Korporativný autor: Fakulta podnikového manažmentu EU. Katedra podnikovohospodárska
Ďalší autori: Gajdová, Denisa, 1977-
Médium: Kniha
Jazyk:English
Vydavateľské údaje: Bratislava 2025
Tagy: Pridať tag
Žiadne tagy, Buďte prvý, kto otaguje tento záznam!

MARC

LEADER 00000nbm a2200000 4500
001 0309696
005 20251209123014.1
041 0 |a eng 
044 |a SK 
245 1 0 |a Cooperation of selected small and medium businesses  |b bakalárska práca  |c Ansh Dhiman ; školiteľ: Denisa Gajdová 
264 1 |a Bratislava  |c 2025 
300 |a 51 s. 
100 1 |a Dhiman, Ansh 
700 1 |a Gajdová, Denisa, 1977- 
710 2 |a Fakulta podnikového manažmentu EU. Katedra podnikovohospodárska